| 000 | 00391nam a22001697a 4500 | ||
|---|---|---|---|
| 005 | 20160528113524.0 | ||
| 008 | 160528b xxu||||| |||| 00| 0 eng d | ||
| 020 | _a981-53-099-1 | ||
| 041 | _aeng | ||
| 082 | _b5762 | ||
| 100 |
_akatable Masaaki & other _91442 |
||
| 245 | _aGlobal Marketing Management | ||
| 260 | _bJhonbily | ||
| 300 | _a671 | ||
| 650 |
_aManagement _9241 |
||
| 942 | _cBK | ||
| 999 |
_c2041 _d2040 |
||